Ultimate Undertale Quiz - Statistics

General Stats
  • This quiz has been taken 306 times
  • The average score is 20 of 50
Answer Stats
Hint Answer % Correct
The main protagonist. Frisk
99%
The first character you meet. Flowey
98%
The one guides you through the Ruins. Toriel
97%
The enemy that Toriel makes you fight for the tutorial. Dummy
95%
The first item that you can get (Not including the cellphone.) Monster Candy
68%
The first mini boss. Napstablook
68%
The one who hates puns and goes "Nyeh heh heh!" Papyrus
50%
The pun master who is addicted to ketchup. Sans
48%
The royal scientist who guides you through Hotland. Alphys
45%
The first weapon. Toy knife
45%
The fourth main area. Hotland
44%
The one who is the royal guard. Undyne
44%
The boss that is the king of the underground. Asgore
42%
The main antagonist for Hotland. Mettaton
42%
The monster who keeps following you throughout Waterfall. Monster Kid
42%
Temmie. Temmie
42%
The third main area. Waterfall
42%
The soul color in Mettatons battle. Yellow
42%
The fifth main area. Core
41%
Mettatons 2nd form. Mettaton EX
41%
The monster who takes the 6 souls. Flowey
40%
Mettatons final form. Mettaton NEO
40%
The song that plays when you fight Undyne. Spear of Justice
40%
The amount of MAIN routes are there. (Hard mode doesn't count.) 3
39%
The music that plays when you fight Papyrus. Bonetrousle
39%
Who you meet in the final corridor. Sans
38%
The one who loves chocolate and appears at the end of the Genocide route. Chara
37%
The dog who's neck stretches infinitely into the cosmos when pet. Lesser Dog
36%
The monster who throws a knife at you. Mad Dummy
36%
Everybody's favorite song. MEGALOVANIA
36%
The enemy who nobody likes. Jerry
35%
The shy monster who likes to sing. Shyren
35%
The song that plays in Core. CORE
34%
Dark darker yet darker. Gaster.
34%
The dog that is temporarily blind. Doggo
33%
The elder shopkeeper. Gerson
33%
The dog who is buff. Greater Dog
33%
The _____ tile is the one you can't cross. Red
33%
The song that plays throughout Hotland. Another Medium
28%
The true final boss. Asriel Dreemurr
28%
The sixth main area. New Home
27%
The 72nd song in the game. Song that might play when you fight Sans
17%
The seventh main area. True lab
17%
The monster in Hotland who has almost no defense. Vulkin
17%
The place where you and Alphas date. The garbage dump
14%
The second main area. Snowdin Forest
13%
The item you need to get the Hush Puppy. Hot Dog
11%
The 55th soundtrack of the game. Can you really call this a hotel, I didn't receive a mint on my pillow or anything
10%
The first defense item. Old Tutu
4%
Where you fight Toriel. Toriels Basement
1%
No matching quizzes found
Score Distribution
Percent of People with Each Score
Percentile by Number Answered
Your Score History
You have not taken this quiz